Window to the sky / (Record no. 13362)

000 -LEADER
fixed length control field 00960cam a2200253Ki 4500
020 ## - INTERNATIONAL STANDARD BOOK NUMBER
ISBN 0021787565 (student text)
020 ## - INTERNATIONAL STANDARD BOOK NUMBER
ISBN 9780021787562 (student text)
020 ## - INTERNATIONAL STANDARD BOOK NUMBER
ISBN 0021791406 (activity book)
020 ## - INTERNATIONAL STANDARD BOOK NUMBER
ISBN 9780021791408 (activity book)
020 ## - INTERNATIONAL STANDARD BOOK NUMBER
ISBN 0021787751 (teacher's planning guide)
020 ## - INTERNATIONAL STANDARD BOOK NUMBER
ISBN 9780021787753 (teacher's planning guide)
040 ## - CATALOGING SOURCE
Transcribing agency CAL
082 ## - DEWEY DECIMAL CLASSIFICATION NUMBER
Classification number 372 MAC 1993 A014 Or.
245 00 - TITLE STATEMENT
Title Window to the sky /
260 ## - PUBLICATION, DISTRIBUTION, ETC. (IMPRINT)
Place of publication New York ;
-- Chicago, Columbus :
Name of publisher Macmillan-McGraw Hill School Pub. Co.,
Year of publication 1993.
300 ## - PHYSICAL DESCRIPTION
Number of Pages 367 p. :
Other physical details ill. ;
Dimensions 29 cm. +
Accompanying material Activity book (122 p. : ill. ; 30 cm.) + teacher's planning guide (xv, 368 p., T105 : ill. ; 29 cm.)
490 1# - SERIES STATEMENT
Series statement A New View
500 ## - GENERAL NOTE
General note The New View language arts curriculum is a companion to the Write Idea! series.
650 #0 - SUBJECT ADDED ENTRY--TOPICAL TERM
Topical Term Reading (Elementary)
650 #0 - SUBJECT ADDED ENTRY--TOPICAL TERM
Topical Term Reading (Elementary)
650 #0 - SUBJECT ADDED ENTRY--TOPICAL TERM
Topical Term Reading (Primary)
650 #0 - SUBJECT ADDED ENTRY--TOPICAL TERM
Topical Term Reading (Primary)
942 ## - ADDED ENTRY ELEMENTS (KOHA)
Koha item type សៀវភៅភាសាអង់គ្លេស
952 ## - LOCATION AND ITEM INFORMATION (KOHA)
Withdrawn status [LOCAL, KOHA] 0
Holdings
Permanent Location Date acquired Koha item type Lost status Shelving location Barcode Current Location Full call number
Library Block A2017-08-25សៀវភៅភាសាអង់គ្លេស A014A20351Library Block A372 MAC 1993 A014 Or.
មជ្ឈមណ្ឌលឯការនៃសាកលវិទ្យាល័យភូមិន្ទកសិកម្មចំការដូង

Powered by Koha